| 000 -LEADER |
| fixed length control field |
00618nam a22001937a 4500 |
| 008 - FIXED-LENGTH DATA ELEMENTS--GENERAL INFORMATION |
| fixed length control field |
141024b xxu||||| |||| 00| 0 eng d |
| 020 ## - INTERNATIONAL STANDARD BOOK NUMBER |
| International Standard Book Number |
0821360493 |
| 041 0# - LANGUAGE CODE |
| Language code of text/sound track or separate title |
eng |
| 080 ## - UNIVERSAL DECIMAL CLASSIFICATION NUMBER |
| Universal Decimal Classification number |
355.425 |
| Common auxiliary subdivision |
(4+5) |
| 100 ## - Rafti |
| Rafti |
Collier, Paul |
| 245 ## - TITLE STATEMENT |
| Title |
Understanding Civil War - Europe, Central Asia, and Other Regions / |
| 260 ## - |
| -- |
Washington : |
| -- |
World Bank Publications ; |
| -- |
2005. |
| 300 ## - |
| -- |
349 f.: |
| -- |
me il. ; |
| -- |
23 cm. |
| 440 ## - |
| -- |
Volume 2: Europe, Central Asia, and Other Regions |
| 500 ## - |
| -- |
Preface: f. XIII-XV |
| 505 ## - |
| -- |
Index: f. 335-349 |
| 650 #0 - |
| -- |
Lufta |
| -- |
Afrika |
| 942 ## - ADDED ENTRY ELEMENTS (KOHA) |
| Source of classification or shelving scheme |
|
| Item type |
Books |